00366nam a22001337a 4500003000500000020000800005038001100013082001800024100002400042245004200066260004300108880003700151880004400188NUST qP/B awaseem a891.4912bSAY aSyed, Najam Hussain aEk Raat Ravi De /cNajam Hussain Syed aLahore :bIdare-e-Punjabi adab,c1983. 6100-01\raنجم حسین سید 6245-02\raاِک رات راوی دی /